| 000 | 00491nam a2200205Ia 4500 | ||
|---|---|---|---|
| 003 | 0100 | ||
| 008 | 130307s9999 xx 000 0 und d | ||
| 040 | _cARRUPELIB | ||
| 050 | _aBD648.C66 | ||
| 245 | 4 | _aThe concept of matter in modern philosophy | |
| 260 | _aNotre Dame | ||
| 260 | _bUniversity of Notre Dame press | ||
| 260 | _c1963 | ||
| 300 | _a304p. | ||
| 300 | _b22cm | ||
| 650 | _aPHILOSOPHY | ||
| 650 | _bZimbabwe -- Periodicals | ||
| 700 | _aMcmullin, Ernan | ||
| 942 | 0 | 0 | _02 |
| 999 |
_c94686 _d94686 |
||